Регионална библиотека "Любен Каравелов" - Русе

Безкрайни лъжи (Запис номер 22603)

MARC детайли
000 -Лидер
Контролно поле с фиксирана дължина 00990nam a2200289 c 4500
003 - Код на организацията, давaща контролен номер
Контролно поле BLK
005 - Дата и час на последна редакция
Контролно поле 20180827084949.0
008 - Елементи от данни с фиксирана дължина
fixed length control field 180413b bul|||||r ||||||| ||bul||
010 ## - Наследен системен номер
LC control number KNG00024997000
020 ## - Международен стандартен номер на книга ISBN
Международен стандартен номер на книга ISBN 954-528-073-5
-- издат.: Труд
040 ## - Източник на каталожния запис
Идентификатор на билиотеката - собственик на записа BLK
041 ## - Код за език
Код за езика на текст/звукозапис или на отделно заглавие Български
Код за езика КДБФ Български
080 ## - УДК
Текстов определител УДК Чешка литература
УДК код - определител по УДК 821.162.3
УДК определител -323
УДК - код + определител 821.162.3-323
100 1# - Редна дума - Автор
Автор Хашек, Ярослав
Авторска отговорност първи автор
R(LIN) 136579
139 ## - Редно поле
Редна дума Хашек, Ярослав
Авторски знак Хаш - Х 34
245 10 - Сведения за заглавието
Заглавие Безкрайни лъжи
Подзаглавни данни [Разкази]
Редно поле (дума) Ярослав Хашек.
257 ## - Страна на издаване
Страна на създаване/издаване Чехия
260 ## - Област на издателските данни
-- София
Име на издателя, разпространителя и проч. Труд
Година на издаване 1998
Печатница София : Д. Благоев 2
300 ## - Физическа характеристика
Страници 240 с.
Размери/Мащаб 20 см
490 1# - СЕРИИ (Колекции)
Име на серия Колекция Хумор
500 ## - Общи забележки
Забележка Други прев.: Ст. Бошнаков, В. Мирчева. - 3 500 тир.
852 ## - Местоположение
Форматна сигнатура Цб 197916
856 4# - Електронен адрес и достъп
Електронен формат pdf - файл
Път до файла /url/
856 4# - Електронен адрес и достъп
Електронен формат pdf - файл
Път до файла /url/
942 ## - АРТИКУЛИ
Вид на библиотечния материал Книги
Скрит в OPAC Не
Koha issues (borrowed), all copies 1
944 ## - СЪЗДАВАНЕ И РЕДАКЦИЯ на ЗАПИСА
Създаване/Редакция Създаване
Дата на регистрацията/редакция 15.01.2003
Служител, извършил регистрацията/редакцията AB_DOS
944 ## - СЪЗДАВАНЕ И РЕДАКЦИЯ на ЗАПИСА
Създаване/Редакция Редакция
Дата на регистрацията/редакция 15.01.2003
Служител, извършил регистрацията/редакцията
999 ## - СИСТЕМНИ КОНТРОЛНИ НОМЕРА
Koha biblionumber 22603
Koha biblioitemnumber 22603
Наличности
Код за отписване Код за изгубен артикул Източник на класификационната схема Код за повреда Коз за рестрикции Код за отдаване Артикулен № Име на библиотеката - собственик Име на библиотеката, в която се намира в момента Статус (Текущо местоположение) Дата на вписване в системата Местоположение - отдел Цена в лева Инвентарен номер Систематично азбучна сигнатура Баркод Номер на екземпляра Цена в евро Служебен тип на артикула Служебна бележка
  Не е изгубен Universal Decimal Classification Не е повреден без рестрикции ползва се в читалня 37314 Регионална библиотека "Любен Каравелов" Русе Регионална библиотека "Любен Каравелов" Русе Хранилище 2001-01-01 Хранилище 3.70 644989 Цб 197916 120000644989 1 1.89 Книги  
Изтеглен Не е изгубен Universal Decimal Classification Не е повреден без рестрикции заемане за дома 37315 Регионална библиотека "Любен Каравелов" Русе Регионална библиотека "Любен Каравелов" Русе Заемна - подръчен фонд 2001-01-01 Заемна - подръчен фонд 3.70 642971 885.0-32/Х 34 120000642971 2 1.89 Книги Дата инв: 08.02.2018 Бележки инв: П2018
Vip Innovations Ltd, Rousse, Bulgaria 2025